000 00303nam a22001097a 4500
008 230621b xxu||||| |||| 00| 0 eng d
082 _a328.30
_bCPA 1988
245 _aReport of the Commonwealth Parliamentary Association
260 _aZimbabwe
_bParliament of Zimbwabwe
300 _a22p
942 _2ddc
_cBK
999 _c2091
_d2091